Tiere mit "T" aufzählen - Statistiken

Allgemein
  • Dieses Quiz wurde 326 mal gespielt
  • Das Durchschnittsergebnis liegt bei 10 aus 34
Antwortstatistiken
Tier mit T % Korrekt
Tiger
88%
Taube
78%
Tapir
67%
Tintenfisch
65%
Tasmanischer Teufel
54%
Thunfisch
52%
Tarantel
49%
Tukan
47%
Trampeltier
42%
Truthahn
34%
Turteltaube
34%
Tausendfüßler
33%
Tigerhai
33%
Totenkopfäffchen
33%
Tölpel
28%
Tümmler
28%
Tüpfelhyäne
28%
Termite
24%
Terrier
20%
Teichhuhn
18%
Teufelsrochen
18%
Tagpfauenauge
16%
Tyrannosaurus Rex
14%
Turmfalke
13%
Trauerschwan
10%
Timberwolf
9%
Trichternetzspinne
9%
Tsetsefliege
9%
Teichmolch
7%
Tyrann
7%
Tannenhäher
6%
Trappe
4%
Tiefseeanglerfisch
3%
Teichfrosch
2%
Keine übereinstimmenden Quizze gefunden
Verteilung der Resultate
Anzahl Personen mit jedem Resultat
Perzentil nach korrekt beantworteten Fragen
Ihre Resultats-Entwicklung
Sie haben dieses Quiz noch nicht gespielt